| 000 | 01001nam0a22002771 4500 | ||
|---|---|---|---|
| 001 | rc\3718941 | ||
| 005 | 20250610103348.0 | ||
| 021 |
_aRU _b[72-22498] |
||
| 035 | _a(NLR Aleph) 007860719 | ||
| 090 |
_a7799451 _c7799451 |
||
| 100 | _a20130115d1972 |||y0rusy50 ca | ||
| 101 | 0 | _arus | |
| 102 | _aRU | ||
| 105 | _aa z ||||| | ||
| 200 | 1 | _aТеория круговинтовых поверхностей в проектировании передач Новикова | |
| 210 |
_aХарьков _cИзд-во Харьк. ун-та _d1972 |
||
| 215 |
_a167 с. _cил. _d20 |
||
| 320 | _aСписок лит.: с. 165-166 (44 назв.) | ||
| 606 |
_aВинтовые поверхности, круговые _2psbo |
||
| 606 |
_aЗубчатые зацепления _xПроектирование _2psbo |
||
| 700 | 1 |
_aСеврюк _bВ.Н. _gВиталий Николаевич |
|
| 801 | 0 |
_aRU _bNLR _gpsbo |
|
| 801 | 1 |
_aRU _bELAR _2rusmarc |
|
| 852 |
_aNLR _j72-3/3601 |
||
| 942 | _cBOOK | ||
| 980 | _aNB | ||